[Event "Stuttgart-chB op"]
[Site "Ditzingen"]
[Date "2015.05.16"]
[Round "6"]
[White "Schreiber, Winfried"]
[Black "Stegmiller, Dennis"]
[Result "0-1"]
[WhiteElo "1563"]
[BlackElo "1349"]
[PlyCount "96"]
[EventDate "2015.05.17"]
[EventType "swiss"]
[EventRounds "7"]
[EventCountry "GER"]
[SourceTitle "EXT 2018"]
[Source "ChessBase"]
[SourceDate "2017.10.13"]
[SourceVersion "1"]
[SourceVersionDate "2017.10.13"]
[SourceQuality "1"]

1. c4 Nf6 2. Nc3 g6 3. g3 Bg7 4. Bg2 0-0 5. Nf3 d6 6. 0-0 c5 7. b3 Nc6 8. Bb2 Ne8 9. Rb1 Rb8 10. a3 a6 11. Nd5 Bxb2 12. Rxb2 Nc7 13. Nxc7 Qxc7 14. d3 Qa5 15. Ra2 b5 16. Qc2 Bg4 17. Rfa1 Bxf3 18. Bxf3 Nd4 19. Qd1 bxc4 20. b4 cxb4 21. axb4 Qxb4 22. Ra4 Qb3 23. Rxc4 Qxd1+ 24. Rxd1 Nxf3+ 25. exf3 Rfc8 26. Rxc8+ Rxc8 27. Kf1 Rc5 28. Ra1 a5 29. Ke2 Kg7 30. f4 Kf6 31. Ra4 Ke6 32. Ke3 Kd7 33. f3 Kc6 34. Rc4 Rxc4 35. dxc4 a4 36. Kd3 a3 37. Kc3 a2 38. Kb2 a1Q+ 39. Kxa1 Kc5 40. Kb2 Kxc4 41. Kc2 Kd4 42. Kd2 d5 43. g4 e6 44. h4 e5 45. fxe5 Kxe5 46. Kd3 Kf4 47. Kd4 Kxf3 48. g5 Kg4 0-1

[Event "Stuttgart-chB op"]
[Site "Ditzingen"]
[Date "2015.05.16"]
[Round "5"]
[White "Stegmiller, Dennis"]
[Black "Khamenya, Vitalia"]
[Result "1/2-1/2"]
[WhiteElo "1349"]
[BlackElo "1570"]
[PlyCount "32"]
[EventDate "2015.05.17"]
[EventType "swiss"]
[EventRounds "7"]
[EventCountry "GER"]
[SourceTitle "EXT 2018"]
[Source "ChessBase"]
[SourceDate "2017.10.13"]
[SourceVersion "1"]
[SourceVersionDate "2017.10.13"]
[SourceQuality "1"]

1. d4 Nf6 2. c4 g6 3. g3 Bg7 4. Bg2 0-0 5. Nf3 d6 6. 0-0 Nc6 7. Nc3 e5 8. e3 Re8 9. Re1 Nd7 10. d5 Ne7 11. Nd2 f5 12. f4 e4 13. Nb3 Nb6 14. Bf1 Bd7 15. Nd4 a6 16. Rb1 Qc8 1/2-1/2

[Event "Stuttgart-chB op"]
[Site "Ditzingen"]
[Date "2015.05.14"]
[Round "2"]
[White "Christ, Marcel"]
[Black "Stegmiller, Dennis"]
[Result "1-0"]
[WhiteElo "1658"]
[BlackElo "1349"]
[PlyCount "47"]
[EventDate "2015.05.17"]
[EventType "swiss"]
[EventRounds "7"]
[EventCountry "GER"]
[SourceTitle "EXT 2018"]
[Source "ChessBase"]
[SourceDate "2017.10.13"]
[SourceVersion "1"]
[SourceVersionDate "2017.10.13"]
[SourceQuality "1"]

1. d4 Nf6 2. c4 g6 3. Nc3 Bg7 4. e4 d6 5. Nf3 0-0 6. h3 Nc6 7. d5 Ne5 8. Nxe5 dxe5 9. Qb3 Ne8 10. Be3 f5 11. f3 Nd6 12. c5 Ne8 13. 0-0-0 Kh8 14. h4 h5 15. Bc4 Rb8 16. c6 b6 17. Be2 Rf6 18. Bg5 Rf7 19. d6 Nxd6 20. Rxd6 Qxd6 21. Qxf7 Be6 22. Qxg6 Qxc6 23. exf5 Bd7 24. Qxh5+ 1-0

[Event "Stuttgart-chC int"]
[Site "Ditzingen"]
[Date "2013.05.09"]
[Round "1"]
[White "Stegmiller, Dennis"]
[Black "Grimm, Ferdinand"]
[Result "1-0"]
[WhiteElo "1254"]
[BlackElo "842"]
[PlyCount "23"]
[EventDate "2013.05.09"]
[EventType "swiss"]
[EventRounds "7"]
[EventCountry "GER"]
[SourceTitle "EXT 2014"]
[Source "ChessBase"]
[SourceDate "2013.11.20"]
[SourceVersion "1"]
[SourceVersionDate "2013.11.20"]
[SourceQuality "1"]

1. c4 d5 2. cxd5 Qxd5 3. Nc3 Qa5 4. Nf3 Nf6 5. g3 Bf5 6. Bg2 e6 7. 0-0 Be7 8. Nd4 Bg6 9. Bxb7 Qc5 10. Nb3 Qh5 11. f3 Nc6 12. Bxc6+ 1-0

[Event "Stuttgart-chC int"]
[Site "Ditzingen"]
[Date "2013.05.09"]
[Round "2"]
[White "Winterkorn, Nikolaus"]
[Black "Stegmiller, Dennis"]
[Result "1-0"]
[WhiteElo "1456"]
[BlackElo "1254"]
[PlyCount "83"]
[EventDate "2013.05.09"]
[EventType "swiss"]
[EventRounds "7"]
[EventCountry "GER"]
[SourceTitle "EXT 2014"]
[Source "ChessBase"]
[SourceDate "2013.11.20"]
[SourceVersion "1"]
[SourceVersionDate "2013.11.20"]
[SourceQuality "1"]

1. Nf3 Nf6 2. d4 g6 3. c3 Bg7 4. Nbd2 d6 5. h3 0-0 6. e4 Nbd7 7. Bd3 c5 8. 0-0 Ne8 9. Re1 cxd4 10. cxd4 Nb6 11. Nc4 Be6 12. d5 Nxc4 13. Bxc4 Bd7 14. Rb1 Rc8 15. Qe2 Qa5 16. Bd2 Qc5 17. Rec1 Nc7 18. a3 Bb5 19. Be3 Bxc4 20. Rxc4 Qa5 21. Rbc1 Qb5 22. R1c2 b6 23. Qd2 Qd7 24. Qc1 e6 25. Rxc7 Rxc7 26. Rxc7 Qa4 27. Qc2 Qxc2 28. Rxc2 exd5 29. exd5 f5 30. Bf4 Rd8 31. b3 h6 32. Rc6 Bf8 33. Nd4 g5 34. Bh2 Re8 35. Ne6 Be7 36. Bxd6 Bxd6 37. Rxd6 g4 38. hxg4 fxg4 39. Kh2 h5 40. Kg3 Rc8 41. Rd8+ Rxd8 42. Nxd8 1-0